| 000 | 00609nam a2200253Ia 4500 | ||
|---|---|---|---|
| 005 | 20260306154537.0 | ||
| 008 | 008 260114s9999 xx 000 0 eng d | ||
| 020 | _a9781139523561 | ||
| 037 | _aEBOOK | ||
| 040 | _aCRL | ||
| 040 | _beng | ||
| 040 | _cCRL | ||
| 041 | _2eng | ||
| 041 | _aeng | ||
| 084 | _qCRL | ||
| 100 |
_aWright/Clark/Mayor _91127772 |
||
| 245 | 4 | _aThe Journal of Philology Volume 3 | |
| 260 | _bCambridge University Press | ||
| 260 | _c2015 | ||
| 650 | _a Philosophy | ||
| 856 | _uhttps://doi.org/10.1017/CBO9781139523561 | ||
| 942 | _cEBOOK | ||
| 999 |
_c1707946 _d1707946 |
||